=LDR 00000nam 2200000 4500 =001 INLIS000000000038474 =005 20130612144136 =008 ***********************************Ind** =035 ##$$a0010-061300000038474 =041 ##$$a Ind =082 ##$$a 001.9 =090 ##$$a 001.9, Kam k =100 ##$$a Kamaladewi, Nia =245 ##$$a Kisah 1001 fakta - fakta super seru =260 ##$$a 2011 $b Jakarta =300 ##$$a 204 hlm, Ilus, 24 cm =650 ##$$a Pengetahuan Umum, Kanak - Kanak =700 ##$$a Tim Editor Grasindo =850 ##$$a NBPNMAT =990 ##$$a 0001/BPAP-NTB/20142014